Adhunik rajnaitik darshan (Record no. 11280)

MARC details
000 -LEADER
fixed length control field 00651nam a22002297a 4500
005 - DATE AND TIME OF LATEST TRANSACTION
control field 20220517123654.0
008 - FIXED-LENGTH DATA ELEMENTS--GENERAL INFORMATION
fixed length control field 220517b ||||| |||| 00| 0 eng d
020 ## - INTERNATIONAL STANDARD BOOK NUMBER
International Standard Book Number 9789381667811
040 ## - CATALOGING SOURCE
Original cataloging agency IN-DiNC
Transcribing agency IN-DiNC
041 ## - LANGUAGE CODE
Language code of sung or spoken text Assamese
082 ## - DEWEY DECIMAL CLASSIFICATION NUMBER
Classification number 320.01
100 ## - MAIN ENTRY--PERSONAL NAME
Personal name Pal Kripesh Chandra
Relator term Author
245 ## - TITLE STATEMENT
Title Adhunik rajnaitik darshan
Statement of responsibility, etc. by Kripesh Chandra Pal
250 ## - EDITION STATEMENT
Edition statement 1st ed.
260 ## - PUBLICATION, DISTRIBUTION, ETC.
Place of publication, distribution, etc. Guwahati
Name of publisher, distributor, etc. Arun prakashan
Date of publication, distribution, etc. 2022
300 ## - PHYSICAL DESCRIPTION
Extent 144p.
650 ## - SUBJECT ADDED ENTRY--TOPICAL TERM
Topical term or geographic name entry element Modern political philosophy
700 ## - ADDED ENTRY--PERSONAL NAME
Personal name Pratul Chandra Nayak
Relator term Author
700 ## - ADDED ENTRY--PERSONAL NAME
Personal name Ratul Chandra Kalita
Relator term Author
700 ## - ADDED ENTRY--PERSONAL NAME
Personal name Mainul Haque Choudhury
Relator term Author
942 ## - ADDED ENTRY ELEMENTS (KOHA)
Source of classification or shelving scheme Dewey Decimal Classification
Koha item type Books
Holdings
Withdrawn status Lost status Source of classification or shelving scheme Damaged status Not for loan Collection code Home library Current library Shelving location Date acquired Cost, normal purchase price Total Checkouts Full call number Barcode Date last seen Date last checked out Copy number Price effective from Koha item type Date due
    Dewey Decimal Classification     Political Science Central Library, Naharkatiya College Central Library, Naharkatiya College General Stacks 17/05/2022 260.00 17 320.01 28927 28/08/2025 27/06/2025 1 17/05/2022 Books  
    Dewey Decimal Classification     Political Science Central Library, Naharkatiya College Central Library, Naharkatiya College General Stacks 17/05/2022 260.00 15 320.01 28928 11/02/2025 11/02/2025 2 17/05/2022 Books 26/02/2025
    Dewey Decimal Classification     Political Science Central Library, Naharkatiya College Central Library, Naharkatiya College General Stacks 17/05/2022 260.00 15 320.01 28929 27/08/2025 07/08/2025 3 17/05/2022 Books  

Naharkatiya College © 2020. All rights reserved.

Powered By